000 01090nam a2200277 a 4500
001 000033051
003 DO-SdBNP
005 20250307073710.0
008 110808s1938 ag 001 0 spa d
040 _aDO-SdBNP
_bspa
_cBNPHU
082 _a498
_bH519p
100 1 _aHenríquez Ureña, Pedro,
_d1884-1946
_91718
245 1 0 _aPara la historia de los indigenismos /
_cPedro Henríquez Ureña.
260 _aBuenos Aires :
_bUniversidad de Buenos Aires,
_c1938.
300 _a147 p. ;
_c23 cm.
490 1 _aBiblioteca de dialectologia hispanoamericana ;
_vanejo 3 ;
500 _aIncluye índice alfabético.
500 _aFacultad de filosofía y letras de la universidad de Buenos aires, instituto de filología.
590 _aInventariado, 2022/ YL
650 4 _aLenguaje y lenguas
_9407
650 4 _aLenguas indígenas-América
_982173
710 1 _aFacultad de filosofía y letras de la Universidad de Buenos Aires. Instituto de filología
_958747
830 0 0 _aBiblioteca de dialectologia hispanoamericana
_vanejo 3
_958748
910 _aYLockward
942 _2ddc
_cLBS1
999 _c32542
_d32542